Arches, piers, buttresses etc., (Record no. 121372)
[ view plain ]
| 000 -LEADER | |
|---|---|
| fixed length control field | 00788nam a22002417a 4500 |
| 001 - CONTROL NUMBER | |
| control field | 121372 |
| 008 - FIXED-LENGTH DATA ELEMENTS--GENERAL INFORMATION | |
| fixed length control field | 230215s1882 xxk||||| |||| 00| 0 eng d |
| 041 ## - LANGUAGE CODE | |
| Language code of text/sound track or separate title | eng |
| 050 ## - Library of Congress Classification | |
| Class mark | 721.4 |
| 245 ## - TITLE STATEMENT | |
| Title | Arches, piers, buttresses etc., |
| Subtitle | The principles of construction being a series of experimental essays made with a view to them being useful to he practical builder |
| 250 ## - EDITION | |
| Edition statement | 4th |
| 260 ## - PUBLICATION INFORMATION | |
| Place of publication | London, |
| Publisher | Crosby Lockwood and Co, |
| Date | 1882 |
| 300 ## - PHYSICAL DESCRIPTION | |
| Physical description | 138p |
| Other physical details | illus., diagrs. |
| Dimensions | 18cm x 11cm |
| 490 ## - SERIES TITLE | |
| Series statement | Weale's Rudimentary Series |
| 500 ## - GENERAL NOTE | |
| General note | Donated by Mel Arnott of Cross & Hall chartered quantity surveyors |
| 650 ## - KEYWORDS | |
| Keywords | BUTTRESSES |
| 650 ## - KEYWORDS | |
| Keywords | CONSTRUCTION |
| 650 ## - KEYWORDS | |
| Keywords | ARCHES |
| 650 ## - KEYWORDS | |
| Keywords | PIERS |
| 651 ## - SUBJECT ADDED ENTRY--GEOGRAPHIC NAME | |
| Geographic name | United Kingdom |
| 700 ## - ADDED PERSONAL NAME | |
| Added personal author | Bland, William |
| 942 ## - ADDED ENTRY ELEMENTS (KOHA) | |
| Suppress in OPAC | Do not suppress in OPAC |
| Lost status | Damaged status | Not for loan | Home library | Current library | Shelving location | Date acquired | Source of acquisition | Total Checkouts | Full call number | Date last seen | Price effective from | Koha item type |
|---|---|---|---|---|---|---|---|---|---|---|---|---|
| Historic collection | Historic collection | Basement | 15/02/2023 | Donated | 721.4 | 15/02/2023 | 15/02/2023 | Book |